Hidrología: agua subterránea

Furkejuvvon:
Bibliográfalaš dieđut
Váldodahkki: Todd, David Keith (Dahkki)
Materiálatiipa: Girji
Giella:espánnjágiella
Almmustuhtton: Madrid Paraninfo 1973
Fáttát:
Fáddágilkorat: Lasit fáddágilkoriid
Eai fáddágilkorat, Lasit vuosttaš fáddágilkora!

MARC

LEADER 00000nam a2200000 a 4500
001 UCP7818
003 CL-VaPUC
008 991223e19730000SP |||||||||||||||||spa|d
082 0 4 |a 551.48  |b KEI  |2 21 
100 |a Todd, David Keith  |e author  |9 320121 
245 1 0 |a Hidrología: agua subterránea 
300 |a 371 p 
942 |c BK 
945 |d 19991223 00:00:00  |a vberengu 
260 |a Madrid  |b Paraninfo  |c 1973 
650 0 |a Agua  |9 257149 
650 0 |a Aguas subterráneas  |9 260378 
650 7 |a CORRIENTES SUBTERRANEAS  |2 CL-VaPUC  |9 437403 
650 7 |a FUENTES DE AGUA  |2 CL-VaPUC  |9 333529 
650 0 |a Hidrología  |9 261396 
650 7 |a POZOS  |2 CL-VaPUC  |9 262594 
583 |a last modification  |c 19991223 00:00:00  |k Rodrigo Vera 
999 |c 284861  |d 284859 
952 |0 0  |1 0  |4 0  |6 551_480000000000000_KEI_1973  |7 0  |8 A  |9 329153  |a BIBING  |b BIBING  |d 2019-11-20  |i 3588653  |o 551.48 KEI 1973  |p 3588653  |r 2025-01-20  |w 2019-11-20  |y BK  |k CCL